Liedtext - Best Day - Electric Callboy feat. Sido - Statistiken

Allgemein
  • Dieses Quiz wurde 6 mal gespielt
  • Das Durchschnittsergebnis liegt bei 153 aus 366
Antwortstatistiken
Antwort % Korrekt
a
100%
be
100%
best
100%
day
100%
day)
100%
I
100%
is
100%
Is
100%
my
100%
life
80%
life?
80%
Life!
80%
life!
80%
′n
80%
of
80%
Of
80%
the
80%
The
80%
been
60%
For
60%
(For
60%
for
60%
für
60%
I've
60%
I′ve
60%
searching
60%
to
60%
waiting
60%
You
60%
you
60%
it
40%
me
40%
mich!
40%
mich"
40%
No
40%
nur
40%
scheint
40%
so
40%
Sonne
40%
This
40%
this
40%
Und
40%
und
40%
your
40%
access
20%
after
20%
again?
20%
Aufstehen
20%
bin
20%
bist
20%
Cardigan
20%
Dann
20%
dich
20%
die
20%
du
20%
Du
20%
dying
20%
end
20%
following
20%
footsteps
20%
gefunden
20%
gesucht
20%
get
20%
Haare
20%
hab
20%
"Heute
20%
Hose
20%
ich
20%
Ich
20%
ich:
20%
into
20%
kämmen
20%
mag
20%
mein
20%
more
20%
morning
20%
On
20%
on
20%
Or
20%
perfect
20%
putzen
20%
Sag
20%
sag
20%
schöner
20%
Schuhe
20%
schwarzer
20%
Sie
20%
Tag
20%
Trying
20%
up
20%
was
20%
Weiße
20%
wenn
20%
yesterday
20%
Zähne
20%
24-7
0%
Arbeit
0%
Augen
0%
ausgestattet
0%
bad
0%
before
0%
Bescheid
0%
besonders
0%
besten
0%
Bester
0%
bleib
0%
bleiben
0%
breaking
0%
Can
0%
can
0%
coming
0%
cool
0%
daran
0%
dead
0%
eines
0%
exile
0%
eyes
0%
feel
0%
fighting
0%
fragst
0%
from
0%
gar
0%
glasig
0%
Gletscher
0%
graue
0%
Habichts
0%
hanging
0%
how
0%
I'll
0%
I′ll
0%
im
0%
irgendwas
0%
ist
0%
jetzt
0%
just
0%
Like
0%
mach
0%
Meine
0%
meinen
0%
mind
0%
mir
0%
new
0%
nichts
0%
noch
0%
paar
0%
Park
0%
perfekt
0%
real
0%
rot
0%
save
0%
savior
0%
sitz
0%
Somewhere
0%
storm
0%
strong
0%
Stunden
0%
take
0%
time
0%
unknown
0%
vergessen
0%
wake
0%
Wanna
0%
wie
0%
You′re
0%
Keine übereinstimmenden Quizze gefunden
Verteilung der Resultate
Anzahl Personen mit jedem Resultat
Perzentil nach korrekt beantworteten Fragen
Ihre Resultats-Entwicklung
Sie haben dieses Quiz noch nicht gespielt